000 00303nam a22001337a 4500
082 _a823
_bPAI/S
100 _aPAI, ANANT
245 _aSHIVA PARVATHY
260 _aMUMBAI
_bAMAR CHITHRA KATHA
300 _a32
520 _aENGLISH SHORT STORIES
650 _aENGLISH SHORT STORIES
_zMUMBAI
942 _cBK
999 _c5223
_d5223